How to motivate people

Bibliographic Details
Main Author: Forsyth, Patrick
Format: Book
Published: London : Kogan Page , 2004
Series:Creating success
Subjects:

MARC

LEADER 00000cam a2200000 7i4500
001 0000003241
005 20050324.0
020 0 0 |a 0749432551 
090 0 0 |a 658.314   |b FOR 
100 0 0 |a Forsyth, Patrick. 
245 0 0 |a How to motivate people   |c Patrick Forsyth. 
260 0 0 |a London :   |b Kogan Page ,   |c 2004 
300 |a iv, 140 p. :   |b ill. ;   |c 22 cm. 
440 0 0 |a Creating success 
650 0 0 |a Employee motivation 
650 0 0 |a Goal setting in personnel management 
999 |a 0000006150   |b Monograph   |c Open Shelf   |e Default branch